Aktuelna privredna reforma - faktor kvalitativnog uspona prometne delatnosti.
Budovanie trhového hospodárstva v Juhoslávii: chýba integrálny trh, najmä trh kapitálový - údaje. Vplyv foriem vlastníctva na sústavu vnútorného a zahraničného obchodu. Marketingová koncepcia je v súčasnosti nevyhnutná. Cenová politika je jedným zo základných nástrojov obchodnej politiky. Rovnoprávn...
Na minha lista:
| Autor principal: | |
|---|---|
| Formato: | Capítulo de Livro |
| Idioma: | sérvio |
| Assuntos: | |
| Tags: |
Sem tags, seja o primeiro a adicionar uma tag!
|
MARC
| LEADER | 00000naa a2200000 4500 | ||
|---|---|---|---|
| 001 | r001800 | ||
| 005 | 20220819193640.0 | ||
| 041 | 0 | |a srp | |
| 044 | |a [YU] | ||
| 245 | 1 | 0 | |a Aktuelna privredna reforma - faktor kvalitativnog uspona prometne delatnosti. |c P. Ivanovic |
| 520 | |a Budovanie trhového hospodárstva v Juhoslávii: chýba integrálny trh, najmä trh kapitálový - údaje. Vplyv foriem vlastníctva na sústavu vnútorného a zahraničného obchodu. Marketingová koncepcia je v súčasnosti nevyhnutná. Cenová politika je jedným zo základných nástrojov obchodnej politiky. Rovnoprávne postavenie obchodu je podmienkou úspešnej juhoslovanskej reformy. | ||
| 610 | 2 | 0 | |a reformy hospodárske |
| 610 | 2 | 0 | |a hospodárstvo trhové |
| 610 | 2 | 0 | |a obchod vnútorný |
| 610 | 2 | 0 | |a obchod zahraničný |
| 610 | 2 | 0 | |a vlastníctvo |
| 610 | 2 | 0 | |a marketing |
| 610 | 2 | 0 | |a politika cenová |
| 610 | 2 | 0 | |a SFRJ |
| 610 | 2 | 0 | |a politika obchodná |
| 610 | 2 | 0 | |a koncepcie |
| 100 | 1 | |a Ivanovic, P. | |